ARRUPE JESUIT UNIVERSITY

CORONAVIRUS -STOP THE SPREAD - CLEAN,DISINFECT,COVER

Races of Africa. (Record no. 128838)

MARC details
000 -LEADER
fixed length control field 00859cam a22002771 4500
001 - CONTROL NUMBER
control field 6537028
003 - CONTROL NUMBER IDENTIFIER
control field ARRUPE
005 - DATE AND TIME OF LATEST TRANSACTION
control field 20190129095628.0
008 - FIXED-LENGTH DATA ELEMENTS--GENERAL INFORMATION
fixed length control field 720925s1957 enka 000 0 eng
010 ## - LIBRARY OF CONGRESS CONTROL NUMBER
LC control number 57059045
015 ## - NATIONAL BIBLIOGRAPHY NUMBER
National bibliography number GB57-8454
035 ## - SYSTEM CONTROL NUMBER
System control number (OCoLC)413561
040 ## - CATALOGING SOURCE
Original cataloging agency DLC
Transcribing agency ODaWU
Modifying agency OCoLC
-- Uk
-- DLC
042 ## - AUTHENTICATION CODE
Authentication code premarc
050 00 - LIBRARY OF CONGRESS CALL NUMBER
Classification number SPC. DT15
Item number .S45 1957
082 ## - DEWEY DECIMAL CLASSIFICATION NUMBER
Classification number 572.96
300 ## - PHYSICAL DESCRIPTION
Other physical details illus.
Dimensions 18 cm.
100 1# - MAIN ENTRY--PERSONAL NAME
Personal name Seligman, C. G.
Fuller form of name (Charles Gabriel),
Dates associated with a name 1873-1940.
9 (RLIN) 44220
245 10 - TITLE STATEMENT
Title Races of Africa.
Statement of responsibility, etc C.G. Seligman
250 ## - EDITION STATEMENT
Edition statement 3d ed.
260 ## - PUBLICATION, DISTRIBUTION, ETC. (IMPRINT)
Place of publication, distribution, etc London,
-- New York,
Name of publisher, distributor, etc Oxford University Press,
Date of publication, distribution, etc 1957.
300 ## - PHYSICAL DESCRIPTION
Extent 236 p.
440 #4 - SERIES STATEMENT/ADDED ENTRY--TITLE
Title The Home university library of modern knowledge,
Volume number/sequential designation 144
9 (RLIN) 44221
650 #0 - SUBJECT ADDED ENTRY--TOPICAL TERM
Topical term or geographic name as entry element Ethnology
Geographic subdivision Africa.
9 (RLIN) 26228
906 ## - LOCAL DATA ELEMENT F, LDF (RLIN)
a 7
b cbc
c oclcrpl
d u
e ncip
f 19
g y-gencatlg
942 ## - ADDED ENTRY ELEMENTS (KOHA)
Source of classification or shelving scheme Library of Congress Classification
Koha item type SPC
Holdings
Withdrawn status Lost status Source of classification or shelving scheme Damaged status Not for loan Collection code Home library Current library Shelving location Date acquired Total Checkouts Full call number Barcode Date last seen Price effective from Koha item type
    Library of Congress Classification     SPECIAL Collection ARRUPE LIBRARY ARRUPE LIBRARY REFERENCE 29/01/2019   SPC. DT15 .S45 1957 46600003495 29/01/2019 29/01/2019 SPC

 

Arrupe Library. PO Box MP320 Mt Pleasant, Harare, Zimbabwe
263 242 745411|librarian@aju.ac.zw